1270 1712 1931 1046 1353 1767 1220 1300 1780 1793 1800 1675 1737 1255 1724 1247 1080 1216 1743 1241 1740 1599 1750 1390 1989 1986 1551 1809 1861 1780 1145 1578 1987 1238 1057 1826 1488 1758 1324 1767 1330 1101 1412 1167 1975 1857 1975 1347 1228 1691 1064 1082 1943 1790 1989 1580 1309 1199 1592 1994 1314 1688 1284 1251 1619 1799 1460 1235 1723 1669 1582 1030 1930 1612 1596 1088 1456 1200 1811 1253 1393 1112 1934 1255 1374 1367 1173 1847 1626 1625 1063 1132 1490 1259 1783 1730 1564 1028 1191 BCNSPRNW ULIB Ver.6.0+V

เปลี่ยนเป็นภาษาไทย

Change to English
 แสดงรายละเอียดบรรณานุกรม
  กลับหน้าหลัก

Brief Record : Get Marc (ISO 2709) : E-mail record : QR code < ปิดหน้าต่าง
LEADER : 00000nam 2200000uu 4500
001    13399120888
003     ULIB
008    121024s2541||||th 000 0 tha d
099    วจ.WY18^bช617ย
100 0  ชุติมา ชลประทิน, เตือนใจ ขันติสิทธิ์, ราตรี เที่ยงจิตต์, รพีพรรณ เรืองเดชอนันต์ และศิริวรรณ เข็มอนุสุข
245 00 ยุทธศาสตร์การจัดการเรียนการสอนของวิทยาลัยพยาบาลบรมราชชนนี สวรรค์ประชารักษ์ ปีการศึกษา 2540
246 0  The instruction strategy of Boromarajonnani college of nursing Sawanpracharak academic year 1997
260    นครสวรรค์:^bวิทยาลัยพยาบาลบรมราชชนนี สวรรค์ประชารักษ์,^c2541
300    157 แผ่น
650  0 การจัดการเรียนการสอน^xวิจัย
945    ^p0^l0^i032863
999    ^aใช้งานได้ทุกระบบ
รายการนี้ยังไม่มีแท็ก
คุณยังไม่ได้ล็อกอิน คุณสามารถมีกิจกรรมร่วมกับเว็บไซต์ได้ แต่ต้องล็อกอินก่อน ::
  ล็อกอิน

รายการสื่อสารสนเทศ

ลำดับที่ ประเภท เลขเรียก/บาร์โค้ด สถานที่ สถานะ
1. งานวิจัย
งานวิจัย
วจ.WY18 ช617ย  
  Barcode: 032863
ห้องสมุดวิทยาเขตสวรรค์ประชารักษ์
►วิจัย
บนชั้น

BibComment


ยังไม่เคยถูกคอมเมนท์

คอมเมนท์ทรัพยากรรายการนี้
  คอมเมนท์: ยุทธศาสตร์การจัดก..


 Copyright 2026. Bcnsprnw @Library